000 00271nam a2200121Ia 4500
008 191201s2002 xx 000 0 und d
100 _aKUMAR, N
245 0 _aInternational Marketing
260 _aN. Delhi
_bAnmol
_c2002
300 _a397
650 _aMBA
942 _2ddc
_cBK
999 _c143
_d143